Statistics for Big Cats By Picture

Click here to take the quiz!

General Stats

  • This quiz has been taken 1,056 times
  • The average score is 8 of 11

Answer Stats

Answer% Correct
Lion
100%
Tiger
99%
Cheetah
85%
Jaguar
84%
Puma
78%
Leopard
77%
Lynx
73%
Snow Leopard
70%
Bobcat
44%
Ocelot
37%
Caracal
32%

Score Distribution

Percentile by Number Answered

Percent of People with Each Score

Your Score History

You have not taken this quiz